01421cam a22003734i 4500003000900000005001700009008004100026020001500067035002700082040003300109082002400142100003400166245003500200264005000235300003900285336002100324337002500345338002300370490006000393504005000453505039200503526001000895526001000905526001000915526001000925526000800935526000800943526000800951526000800959526000800967526000800975526000800983630005600991PE-LiUPU20250731173005.0150623s1998 miu rb 000 0 eng d a0801021499 a(Sirsi) i9780801021497 aPE-LiUPUbspacPE-LiUPUerda04a227.1077bS378r2211 aSchreiner, Thomas R.,eautor.10aRomans /cThomas R. Schreiner. 1aGrand Rapids, Michigan :bBaker Books,c1998. a919 páginas ;c24 centímetros. atext2rdacontent aunmediated2rdamedia avolume2rdacarrier a(Baker Exegetical Commentary on the New Testament ;v6) aIncluye referencias bibliográficas e indice0 aThe Gospel as the Revelation of God`s Righteousness -- God`s Righteousness in His Wrath against Sinners -- The Saving Righteousness of God -- Hope as a Result of Righteousness by Faith -- God`s Righteousness to Israel and the Gentiles.- God`s Righteousness in Everyday Life -- The Extension of God`s Righteousnes through the Pauline -- Final Summary of the Gospel of God`s Righteousness. aSEG42 aSEG41 aSEG40 aSEG39 aP94 aP87 aP86 aP85 aP77 aP76 aP35 aBiblia.pRomanosxCrítica, interpretación, etc.